00512nam a22001577a 450000500170000001000150001702000260003203500140005803700130007208200120008510000230009724501260012026000410024627000470028730000200033420171031110132.0 aENG-121125 a9789383514052c595.00 aEN-104657 bDBAD/PUB a301.153 aBhola Prasad Singh aThe great soul :cby Bhola Prasad Singh [and] Naveen Kumar Singh bgandhian experiments with 'truth and untouchability' / aNew DelhibLucky Internationalc2015 aH-16/1922, Sangam ViharbNew Delhie110080 a200p.c22cm(Hb)